Le socialisme et l'homme

Zapisane w:
Opis bibliograficzny
1. autor: Guevara, Ernesto
Format: Książka
Język:Undetermined
Wydane: Paris F. Maspero 1968
Hasła przedmiotowe:
Etykiety: Dodaj etykietę
Nie ma etykietki, Dołącz pierwszą etykiete!
Thư viện lưu trữ: Trung tâm Học liệu Trường Đại học Cần Thơ
LEADER 00450nam a2200181Ia 4500
001 CTU_79533
008 210402s9999 xx 000 0 und d
082 |a 335.4 
082 |b G939 
100 |a Guevara, Ernesto 
245 0 |a Le socialisme et l'homme 
245 0 |c Ernesto Guevara 
260 |a Paris 
260 |b F. Maspero 
260 |c 1968 
650 |a Communism 
650 |z Cuba 
980 |a Trung tâm Học liệu Trường Đại học Cần Thơ